Lecciones de embriología veterinaria 3 : desarrollo del sistema cardiovascular y linfático /

Guardado en:
Autor Principal: Sánchez, Adelaida
Otros Autores: Lawzewitsch, Irene von
Formato: Libro
Publicado: Buenos Aires : Hemisferio Sur, 1984
Materias:
Etiquetas: Agregar Etiqueta
Sin Etiquetas, Sea el primero en etiquetar este registro!
LEADER 00740nam a22002055a 4500
001 CEM.cems017479
005 20121026151630.0
008 130507s1984##################000#0#####d
003 CEMS
020 |a 9505042949 
082 0 4 |a 636.0891 
100 1 |a Sánchez, Adelaida 
245 1 0 |a Lecciones de embriología veterinaria 3 :  |b desarrollo del sistema cardiovascular y linfático /  |c Adelaida Sánchez E Irene Von Lawzewitsch 
260 |a Buenos Aires :  |b Hemisferio Sur,  |c 1984 
300 |a 49 p. 
505 0 |a Desarrollo del sistema cardiovascular y linfático 
653 |a Embriología 
653 |a Sistema cardiovascular-desarrollo 
700 1 |a Lawzewitsch, Irene von 
859 |a CEMS  |b BIB. CEMS - Agricultura  |h 636.0891  |i Sa551  |p A1270.11  |t Ej.1  |v 3  |3 3